La gallina castellana y otros huevos
Uloženo v:
| Hlavní autor: | |
|---|---|
| Médium: | Kniha |
| Jazyk: | španělština |
| Vydáno: |
Santiago
Tacamó
1995
|
| Vydání: | 1a. ed |
| Témata: | |
| Tagy: |
Přidat tag
Žádné tagy, Buďte první, kdo vytvoří štítek k tomuto záznamu!
|
MARC
| LEADER | 00000nam a2200000 a 4500 | ||
|---|---|---|---|
| 001 | UCK7656 | ||
| 003 | CL-VaPUC | ||
| 008 | 051202e19950000CL |||||||||||||||||spa|d | ||
| 020 | |a 9562722694 | ||
| 082 | 0 | 4 | |a Ch861 |b DOM |2 21 |
| 100 | 0 | |a Domínguez, Delia |e author |9 461716 | |
| 245 | 1 | 3 | |a La gallina castellana y otros huevos |
| 250 | |a 1a. ed | ||
| 300 | |a 119 p | ||
| 942 | |c BK | ||
| 945 | |d 20051202 00:00:00 |a cmena | ||
| 260 | |a Santiago |b Tacamó |c 1995 | ||
| 650 | 0 | |a Poesías chilenas |9 265280 | |
| 650 | 0 | |a Literatura chilena |9 308278 | |
| 583 | |a last modification |c 20051202 00:00:00 |k Rodrigo Vera | ||
| 999 | |c 315508 |d 315506 | ||
| 952 | |0 0 |1 0 |4 0 |6 CH_861_000000000000000_DOM_1995 |7 0 |8 A |9 388818 |a BIBEDU |b BIBEDU |c ES_NOD |d 2019-11-22 |i 4190556 |o Ch861 DOM 1995 |p 4190556 |r 2023-08-09 |w 2019-11-22 |y BK |k LIT | ||